|
|
|
|
| LEADER |
00000cam a2200000 7i4500 |
| 001 |
0000009517 |
| 002 |
000010370 |
| 005 |
20000330.0 |
| 020 |
|
|
|a 9838930776
|
| 090 |
0 |
0 |
|a C
|b UJA
|
| 100 |
0 |
|
|a Ujang
|
| 245 |
1 |
0 |
|a Welcome to Malaysia
|c Ujang and Aza
|
| 260 |
|
|
|a Kuala Lumpur :
|b Creative Enterprise Sdn.Bhd. ,
|c 1992
|
| 300 |
|
|
|a 120p. :
|b ill. ;
|c 18cm.
|
| 650 |
0 |
0 |
|a Cartoon and carricatures
|
| 650 |
0 |
0 |
|a Wit and humor, Pictorial
|
| 700 |
0 |
|
|a Aza
|
| 999 |
|
|
|a 024744
|b BUKU
|c CARTOON
|e PERPUSTAKAAN KOMUNITI PETALING JAYA
|
| 999 |
|
|
|a 044990
|b BUKU
|c PINJAMAN
|e PERPUSTAKAAN KOMUNITI CAW KOTA DAMANSARA
|
| 999 |
|
|
|a 044991
|b BUKU
|c PINJAMAN
|e PERPUSTAKAAN KOMUNITI CAW KOTA DAMANSARA
|
| 999 |
|
|
|a 044992
|b BUKU
|c PINJAMAN
|e PERPUSTAKAAN KOMUNITI CAW KOTA DAMANSARA
|